Physical education in the public schools; (Record no. 20744)
[ view plain ]
| 000 -LEADER | |
|---|---|
| fixed length control field | 00992cam a22002291 4500 |
| 001 - CONTROL NUMBER | |
| control field | e 25000079 |
| 003 - CONTROL NUMBER IDENTIFIER | |
| control field | DLC |
| 005 - DATE AND TIME OF LATEST TRANSACTION | |
| control field | 20260227111216.0 |
| 008 - FIXED-LENGTH DATA ELEMENTS--GENERAL INFORMATION | |
| fixed length control field | 800516s1924 mauag s000 0 eng c |
| 010 ## - LIBRARY OF CONGRESS CONTROL NUMBER | |
| LC control number | e 25000079 |
| 035 ## - SYSTEM CONTROL NUMBER | |
| System control number | (OCoLC)6324140 |
| 040 ## - CATALOGING SOURCE | |
| Original cataloging agency | Library, U.S. Bur. of Education |
| Transcribing agency | TxCM |
| Modifying agency | DLC |
| 042 ## - AUTHENTICATION CODE | |
| Authentication code | premarc |
| 050 00 - LIBRARY OF CONGRESS CALL NUMBER | |
| Classification number | L160 |
| Item number | .B17 1924, no. 1 |
| 110 1# - MAIN ENTRY--CORPORATE NAME | |
| Corporate name or jurisdiction name as entry element | Massachusetts. |
| Subordinate unit | Department of Education. |
| -- | Division of Elementary and Secondary Education and Normal Schools. |
| 245 10 - TITLE STATEMENT | |
| Title | Physical education in the public schools; |
| Remainder of title | a manual for teachers in junior and senior high schools ... |
| Statement of responsibility, etc. | Publication division of elementary and secondary education and normal schools ... |
| 260 ## - PUBLICATION, DISTRIBUTION, ETC. | |
| Place of publication, distribution, etc. | [Boston, |
| Date of publication, distribution, etc. | 1924] |
| 300 ## - PHYSICAL DESCRIPTION | |
| Extent | 64 p. incl. diagrs., music. |
| Dimensions | 23 cm. |
| 490 0# - SERIES STATEMENT | |
| Series statement | Bulletin of the Department of education, 1924, |
| Volume/sequential designation | no. 1. Whole no. 147 |
| 500 ## - GENERAL NOTE | |
| General note | At head of title: The commonwealth of Massachusetts ... |
| 650 #0 - SUBJECT ADDED ENTRY--TOPICAL TERM | |
| Topical term or geographic name entry element | Physical education and training |
| Geographic subdivision | Massachusetts. |
No items available.